<?xml version="1.0" encoding="UTF-8"?><?xml-stylesheet type="text/xsl" href="static/style.xsl"?><OAI-PMH xmlns="http://www.openarchives.org/OAI/2.0/" xmlns:xsi="http://www.w3.org/2001/XMLSchema-instance" xsi:schemaLocation="http://www.openarchives.org/OAI/2.0/ http://www.openarchives.org/OAI/2.0/OAI-PMH.xsd"><responseDate>2026-04-14T02:10:18Z</responseDate><request verb="GetRecord" identifier="oai:www.recercat.cat:10230/60121" metadataPrefix="marc">https://recercat.cat/oai/request</request><GetRecord><record><header><identifier>oai:recercat.cat:10230/60121</identifier><datestamp>2025-12-20T17:13:41Z</datestamp><setSpec>com_2072_6</setSpec><setSpec>col_2072_452952</setSpec></header><metadata><record xmlns="http://www.loc.gov/MARC21/slim" xmlns:dcterms="http://purl.org/dc/terms/" xmlns:xsi="http://www.w3.org/2001/XMLSchema-instance" xmlns:doc="http://www.lyncode.com/xoai" xsi:schemaLocation="http://www.loc.gov/MARC21/slim http://www.loc.gov/standards/marcxml/schema/MARC21slim.xsd">
   <leader>00925njm 22002777a 4500</leader>
   <datafield ind2=" " ind1=" " tag="042">
      <subfield code="a">dc</subfield>
   </datafield>
   <datafield ind2=" " ind1=" " tag="720">
      <subfield code="a">Johansson-Nogués, Elisabeth</subfield>
      <subfield code="e">author</subfield>
   </datafield>
   <datafield ind2=" " ind1=" " tag="720">
      <subfield code="a">Şimanschi, Elena</subfield>
      <subfield code="e">author</subfield>
   </datafield>
   <datafield ind2=" " ind1=" " tag="260">
      <subfield code="c">2024-05-13T11:20:56Z</subfield>
   </datafield>
   <datafield ind2=" " ind1=" " tag="260">
      <subfield code="c">2025-12-18T23:45:59Z</subfield>
   </datafield>
   <datafield ind2=" " ind1=" " tag="260">
      <subfield code="c">2023</subfield>
   </datafield>
   <datafield ind2=" " ind1=" " tag="520">
      <subfield code="a">Propaganda has been an age-old part of warmongering. It is thus no surprise that the Russian invasion of Ukraine was preceded by, and continues to be fuelled by, propaganda transmitted by state-controlled Russian media. What is more unusual about the Russian (dis)information campaigns is the sheer volume of distorted narratives or complete fictional accounts about the conflict. This article explores the content and technologies of Russian information manipulation of domestic audiences in the context of the invasion of Ukraine. We also examine the bases for the sustained robust public support for the war within Russia during the first 12 months of the conflict, despite being based on mostly fabricated (dis)information. Relying on political psychology and communication theory we explain how emotions and associative memories have played an important role in the Russian public&amp;apos;s sustained approval to the war. Our findings point to that in the absence of contrasted and independently-verified information, the volume, frequency, emotional intensity of slick, plug-and-play media packages on Ukraine have acted to displace and distort the average Russian&amp;apos;s associative social monitoring processes.</subfield>
   </datafield>
   <datafield ind2=" " ind1=" " tag="520">
      <subfield code="a">The authors wish to acknowledge the funding by ‘Institutional responses to the changing European security order’ (inRESPONSE) [grant number PID2022-140133NB-I00], Ministerio de Ciencia, Innovación y Universidades, Spain. Elena Şimanschi completed this work in the context of the PhD programme in Politics, Policies and International Relations of the Universitat Autònoma de Barcelona (UAB), supported by the Catalan Agency for Management of University and Research Grants (AGAUR) grant 2022FI_B_01071.</subfield>
   </datafield>
   <datafield tag="653" ind2=" " ind1=" ">
      <subfield code="a">(Dis)information</subfield>
   </datafield>
   <datafield tag="653" ind2=" " ind1=" ">
      <subfield code="a">Russia</subfield>
   </datafield>
   <datafield tag="653" ind2=" " ind1=" ">
      <subfield code="a">Ukraine</subfield>
   </datafield>
   <datafield tag="653" ind2=" " ind1=" ">
      <subfield code="a">Emotions</subfield>
   </datafield>
   <datafield tag="653" ind2=" " ind1=" ">
      <subfield code="a">Memory</subfield>
   </datafield>
   <datafield tag="653" ind2=" " ind1=" ">
      <subfield code="a">Political psychology, and communication</subfield>
   </datafield>
   <datafield ind2="0" ind1="0" tag="245">
      <subfield code="a">Fabricating a war? Russian (dis)information on Ukraine</subfield>
   </datafield>
</record></metadata></record></GetRecord></OAI-PMH>